| 000 | 00362nam a22001457a 4500 | ||
|---|---|---|---|
| 082 | _aP-161 | ||
| 100 |
_aCapt Naveed Iqbal _947883 |
||
| 245 |
_aSheet Pilling Walls _cCapt Naveed Iqbal |
||
| 260 |
_aRisalpur _bMCE _c20.10.2008 |
||
| 300 | _a28 p.: | ||
| 526 |
_a0 _b0 _c0 _dP_161 |
||
| 650 | _aProject | ||
| 700 |
_aCapt Naveed Iqbal _947884 |
||
| 942 |
_2ddc _cBK |
||
| 999 |
_c550984 _d550984 |
||